[Event "Detroit (MOR/5/83)"]
[Site "?"]
[Date "1992.??.??"]
[Round "?"]
[White "Choyke, J."]
[Black "Smeckert, Dennis"]
[Result "1-0"]
[WhiteElo "1615"]
[BlackElo "1605"]
[PlyCount "65"]
[EventDate "1992.??.??"]

{5/(83)} 1. d4 d5 2. c4 e5 3. dxe5 d4 4. Nf3 Nc6 5. g3 Be6 6. Nbd2 Qd7 7. Bg2
O-O-O 8. a3 Nge7 9. O-O Ng6 10. Qb3 Bc5 11. Ne4 Na5 12. Qc2 Be7 13. b3 h5 14.
Rd1 d3 15. exd3 h4 16. Neg5 hxg3 17. fxg3 Bxg5 18. Nxg5 Nxb3 19. Qxb3 Qd4+ 20.
Kh1 c6 21. Qb2 Qc5 22. Nxe6 Rxh2+ 23. Kxh2 Rh8+ 24. Bh3 fxe6 25. Bf4 Nxf4 26.
gxf4 Qe3 27. Qg2 Qxf4+ 28. Kh1 g5 29. Rg1 Qxe5 30. Rae1 Qf5 31. Re3 g4 32. Qxg4
Qc5 33. Qxe6+ 1-0

[Event "Detroit (MOR/7/61)"]
[Site "?"]
[Date "1992.??.??"]
[Round "?"]
[White "Choyke, J."]
[Black "Moceri, Paul"]
[Result "1/2-1/2"]
[WhiteElo "1615"]
[BlackElo "1700"]
[PlyCount "49"]
[EventDate "1992.??.??"]

{7/(61)} 1. d4 e6 2. c4 d5 3. Nc3 h6 4. Nf3 Nf6 5. Bf4 c5 6. cxd5 exd5 7. g3
Bd6 8. Bxd6 Qxd6 9. Bg2 O-O 10. O-O Nc6 11. Nb5 Qe7 12. dxc5 Qxc5 13. Nbd4 Nxd4
14. Nxd4 Be6 15. Rc1 Qb6 16. Nxe6 fxe6 17. Rc2 Rac8 18. Qd2 Rxc2 19. Qxc2 Ng4
20. e3 Ne5 21. b3 Nf3+ 22. Bxf3 Rxf3 23. Rc1 e5 24. Kg2 Rf8 25. Qc5 1/2-1/2

[Event "Detroit (MOR/1b/50)"]
[Site "?"]
[Date "1992.??.??"]
[Round "?"]
[White "Choyke, J."]
[Black "Gaiefsky, S."]
[Result "1-0"]
[WhiteElo "1615"]
[BlackElo "1605"]
[PlyCount "85"]
[EventDate "1992.??.??"]

1. d4 g6 2. e4 Bg7 3. Nc3 e6 4. Be2 b6 5. Be3 Bb7 6. h4 h5 7. Qd2 d5 8. e5 Nc6
9. O-O-O Nge7 10. Bg5 Qd7 11. g4 hxg4 12. Bxg4 Nf5 13. Bxf5 gxf5 14. Nge2 Ba6
15. Nf4 Bf8 16. Bf6 Rh7 17. Nce2 Ne7 18. Qe3 O-O-O 19. Qa3 Kb7 20. Ng3 Ng8 21.
Qf3 Nxf6 22. exf6 Bh6 23. Rh3 Qa4 24. a3 e5 25. Nxf5 Bxf4+ 26. Kb1 c6 27. h5
Ka8 28. Qg4 Bc8 29. dxe5 Be6 30. Rh4 b5 31. Qxf4 Qxf4 32. Rxf4 Rxh5 33. Nd4
Rxe5 34. Nxc6 Rf5 35. Rxf5 Rd6 36. Nd4 Bxf5 37. Nxf5 Rxf6 38. Ne3 Rxf2 39. Nxd5
Kb7 40. Ne3 Kc6 41. Ng4 Rf4 42. Ne5+ Kc5 43. Nd3+ 1-0

[Event "Detroit (MOR/3/84)"]
[Site "?"]
[Date "1992.??.??"]
[Round "?"]
[White "Choyke, J."]
[Black "Baker, T."]
[Result "1/2-1/2"]
[WhiteElo "1615"]
[BlackElo "1605"]
[PlyCount "43"]
[EventDate "1992.??.??"]

{3/(84)} 1. d4 Nf6 2. c4 e6 3. Nf3 Bb4+ 4. Nbd2 b6 5. e3 Bb7 6. Be2 O-O 7. O-O
d5 8. a3 Be7 9. b4 Nbd7 10. Bb2 c5 11. cxd5 exd5 12. bxc5 bxc5 13. dxc5 Nxc5
14. Nd4 a6 15. Nf5 Re8 16. Nxe7+ Qxe7 17. Nf3 Rab8 18. Nd4 Qd7 19. Nf3 Qe7 20.
Nd4 Qd7 21. Nf3 Qe7 22. Nd4 1/2-1/2

[Event "Flint (Beg/5)"]
[Site "?"]
[Date "1992.??.??"]
[Round "?"]
[White "Choate, Eric"]
[Black "Spencer, Gordon"]
[Result "0-1"]
[WhiteElo "1605"]
[BlackElo "1605"]
[PlyCount "50"]
[EventDate "1992.??.??"]

1. e4 c5 2. Nf3 Nc6 3. Nc3 e6 4. Bc4 d6 5. d3 Be7 6. O-O Nf6 7. Bf4 O-O 8. Ng5
d5 9. Bb3 b6 10. Nb5 e5 11. Bg3 dxe4 12. dxe4 Qxd1 13. Raxd1 Ba6 14. Ba4 Rad8
15. Nc7 Be2 16. Rde1 Bxf1 17. Rxf1 Nd4 18. Bxe5 Ng4 19. Bf4 h6 20. Nf3 f5 21.
e5 Ne2+ 22. Kh1 Nxf2+ 23. Rxf2 Rd1+ 24. Ne1 Rxe1+ 25. Rf1 Rxf1# 0-1

[Event "Flint (Beg/2)"]
[Site "?"]
[Date "1992.??.??"]
[Round "?"]
[White "Choate, Eric"]
[Black "Basile, R."]
[Result "0-1"]
[WhiteElo "1605"]
[BlackElo "1605"]
[PlyCount "44"]
[EventDate "1992.??.??"]

1. e4 c5 2. Nf3 d6 3. Nc3 Nf6 4. Bc4 e6 5. d3 Be7 6. O-O O-O 7. Ng5 Nc6 8. Qf3
Nd4 9. Qh3 e5 10. Bd5 Bxh3 11. Nxh3 Qd7 12. Re1 Nxc2 13. Re3 Nxe3 14. Bxe3 Ng4
15. Bd2 Nf6 16. Bc4 a6 17. Ng5 b5 18. Bxf7+ Rxf7 19. a4 b4 20. Na2 Qxa4 21.
Nxf7 Kxf7 22. Nc3 Qxa1+ 0-1

[Event "Flint (Beg/1)"]
[Site "?"]
[Date "1992.??.??"]
[Round "?"]
[White "Choate, Dan"]
[Black "Spencer, Gordon"]
[Result "0-1"]
[WhiteElo "1605"]
[BlackElo "1605"]
[PlyCount "98"]
[EventDate "1992.??.??"]

1. e4 c5 2. Nf3 Nc6 3. d4 e6 4. c3 b6 5. Bc4 Nf6 6. Nbd2 Be7 7. O-O Bb7 8. Re1
Rc8 9. e5 Ng4 10. h3 Na5 11. hxg4 d5 12. Bb5+ Nc6 13. b4 a6 14. Bxc6+ Bxc6 15.
Ba3 Bb7 16. c4 cxb4 17. Bb2 dxc4 18. Nxc4 Rxc4 19. Qd3 b5 20. a3 O-O 21. axb4
Bxb4 22. Red1 Qd5 23. Ba3 Rc3 24. Qe2 Bxa3 25. Rd3 Qc4 26. Rad1 Rc2 27. Qe3 Bc1
28. Nd2 Bxd2 29. R1xd2 Rxd2 30. Qxd2 Qd5 31. f3 Rc8 32. Qd1 b4 33. Rb3 a5 34.
Rb1 Rc4 35. Qa4 Bc6 36. Qd1 Rxd4 37. Qe2 Bb5 38. Qc2 Rc4 39. Qe2 g6 40. Qe3 Qc5
41. Qxc5 Rxc5 42. f4 Rc3 43. Rd1 b3 44. f5 gxf5 45. gxf5 exf5 46. Rd5 Rc1+ 47.
Kh2 b2 48. Rxb5 b1=Q 49. Rxb1 Rxb1 0-1

[Event "Flint (Beg/3)"]
[Site "?"]
[Date "1992.??.??"]
[Round "?"]
[White "Choate, Dan"]
[Black "McCormick, K."]
[Result "0-1"]
[WhiteElo "1605"]
[BlackElo "1605"]
[PlyCount "54"]
[EventDate "1992.??.??"]

1. e4 Nf6 2. Nc3 e5 3. Nf3 Bb4 4. Nxe5 Bxc3 5. bxc3 Qe7 6. d4 d6 7. Nxf7 Qxe4+
8. Be3 Kxf7 9. Bc4+ d5 10. f3 Qxe3+ 11. Be2 Qxc3+ 12. Kf1 Re8 13. Rb1 Bd7 14.
Rb3 Qa5 15. a3 Ba4 16. Qd3 Bxb3 17. cxb3 Qxa3 18. Qc3 Nbd7 19. Bb5 c6 20. Bd3
Re3 21. Kf2 Rae8 22. Qd2 Qxb3 23. Re1 Rxe1 24. g4 Rd1 25. Bf5 Rxd2+ 26. Kg3
Ne4+ 27. Kf4 g5# 0-1

[Event "Detroit (MI Op/5/5)"]
[Site "?"]
[Date "1992.??.??"]
[Round "?"]
[White "Chehayeb, Sal"]
[Black "Stone, Ray"]
[Result "0-1"]
[WhiteElo "2070"]
[BlackElo "2420"]
[PlyCount "68"]
[EventDate "1992.??.??"]

{5/(5)} 1. e4 c5 2. Nf3 e6 3. d4 cxd4 4. Nxd4 Nc6 5. Nc3 Qc7 6. Be2 a6 7. Be3
Nf6 8. O-O Be7 9. a4 d6 10. f4 O-O 11. Bf3 Bd7 12. g4 Nxd4 13. Qxd4 e5 14. Qd2
exf4 15. Bxf4 Be6 16. Nd5 Bxd5 17. exd5 Nd7 18. c3 Bf6 19. Be4 Rfe8 20. Rae1
Re7 21. Rf3 Rae8 22. Rfe3 g6 23. h3 Bg7 24. Qh2 Be5 25. Kh1 Bxf4 26. Qxf4 Qc4
27. b3 Qxb3 28. Qxd6 Qxa4 29. Bc2 Rxe3 30. Bxa4 Rxe1+ 31. Kg2 R8e2+ 32. Kg3 Ne5
33. Qd8+ Kg7 34. g5 Rg1+ 0-1

[Event "Detroit (MI Op/7/7)"]
[Site "?"]
[Date "1992.??.??"]
[Round "?"]
[White "Chehayeb, Sal"]
[Black "Noren, Kevin"]
[Result "1-0"]
[WhiteElo "2070"]
[BlackElo "2310"]
[PlyCount "59"]
[EventDate "1992.??.??"]

{7/(7)} 1. e4 c5 2. Nf3 Nc6 3. d4 cxd4 4. Nxd4 Nf6 5. Nc3 d6 6. Be2 e5 7. Nb3
Be7 8. O-O O-O 9. Be3 Be6 10. f4 exf4 11. Bxf4 d5 12. exd5 Nxd5 13. Nxd5 Bxd5
14. Bf3 Qb6+ 15. Kh1 Be6 16. Be4 Rfd8 17. Qf3 Bf6 18. Rab1 Rd7 19. Be3 Qd8 20.
Nc5 Ne5 21. Qg3 Rc7 22. Nxe6 fxe6 23. Rxf6 Qxf6 24. Bd4 Rf7 25. Qxe5 Qxe5 26.
Bxe5 Rd8 27. Bd3 Rf2 28. Kg1 Rf7 29. Re1 Rc8 30. Bd4 1-0

[Event "Detroit (MI Op/1b/6)"]
[Site "?"]
[Date "1992.??.??"]
[Round "?"]
[White "Chehayeb, Sal"]
[Black "Dmuchowski, Frank"]
[Result "1-0"]
[WhiteElo "2070"]
[BlackElo "1780"]
[PlyCount "67"]
[EventDate "1992.??.??"]

1. e4 c6 2. d4 d5 3. exd5 cxd5 4. c4 Nf6 5. Nc3 Nc6 6. Bg5 e6 7. Nf3 Be7 8. c5
O-O 9. Bd3 h6 10. Bh4 b6 11. Bb5 Bd7 12. Bxc6 Bxc6 13. Ne5 Qc7 14. b4 bxc5 15.
bxc5 Bb7 16. Bg3 Qa5 17. Qd2 Bxc5 18. dxc5 Qxc5 19. O-O Rac8 20. Rfc1 Nh5 21.
Ne2 Qa3 22. Bf4 Nxf4 23. Qxf4 f6 24. Ng6 e5 25. Qg4 Rxc1+ 26. Rxc1 Ba6 27. Rc7
Rb8 28. h4 Qd6 29. Ne7+ Kh8 30. Nxd5 g5 31. Qf5 Qxc7 32. Nxc7 Bxe2 33. Qxf6+
Kg8 34. Ne6 1-0

[Event "Detroit (MI Op/3/18)"]
[Site "?"]
[Date "1992.??.??"]
[Round "?"]
[White "Chehayeb, Sal"]
[Black "Burke, Tim"]
[Result "1-0"]
[WhiteElo "2070"]
[BlackElo "1700"]
[PlyCount "59"]
[EventDate "1992.??.??"]

{3/(18)} 1. e4 c5 2. Nf3 Nc6 3. d4 cxd4 4. Nxd4 Nf6 5. Nc3 g6 6. Be3 Bg7 7. Bc4
d6 8. f3 O-O 9. Qd2 Bd7 10. O-O-O Rc8 11. Bb3 Ne5 12. h4 h5 13. Bg5 a5 14. g4
Nc4 15. Qe2 Na3 16. gxh5 a4 17. Nxa4 Nxh5 18. bxa3 Ng3 19. Qd3 Nxh1 20. Rxh1
Qa5 21. Bd2 Qe5 22. Be3 Rc5 23. Nxc5 dxc5 24. f4 Qc7 25. Ne2 b5 26. c4 Ra8 27.
cxb5 Rxa3 28. Bxf7+ Kxf7 29. Qxa3 Bxb5 30. Qb3+ 1-0

[Event "Detroit (MOR/2/72)"]
[Site "?"]
[Date "1992.??.??"]
[Round "?"]
[White "Cheak, A."]
[Black "Vega, D."]
[Result "1-0"]
[WhiteElo "1605"]
[BlackElo "1655"]
[PlyCount "81"]
[EventDate "1992.??.??"]

{2/(72)} 1. Nf3 Nf6 2. c4 g6 3. b3 d6 4. e3 c5 5. Bb2 e5 6. Nc3 Bh6 7. Qc2 Nc6
8. a3 a6 9. Be2 O-O 10. O-O Re8 11. Nd5 Nxd5 12. cxd5 Na5 13. b4 Bf5 14. e4
Bxe4 15. Qxe4 Nb3 16. Rad1 cxb4 17. Qxb4 Nc5 18. Qh4 Qxh4 19. Nxh4 Nb3 20. Bc3
Rac8 21. Bb4 Red8 22. Nf3 Rc7 23. Bd3 Rcc8 24. Rb1 Nc5 25. Bxc5 Rxc5 26. Rxb7
Ra8 27. Rfb1 Bf8 28. Ng5 Bh6 29. Nxf7 Bxd2 30. Nxd6 Rd8 31. Ne4 Rc1+ 32. Rxc1
Bxc1 33. Bxa6 Bxa3 34. Bc4 Rc8 35. Nf6+ Kf8 36. Nd7+ Ke8 37. Nxe5 Bd6 38. Nc6
Bc7 39. g3 Kd7 40. Na7 Re8 41. Bb5+ 1-0

[Event "Detroit (MOR/4/57)"]
[Site "?"]
[Date "1992.??.??"]
[Round "?"]
[White "Cheak, A."]
[Black "Sundeen, David"]
[Result "1/2-1/2"]
[WhiteElo "1605"]
[BlackElo "1680"]
[PlyCount "77"]
[EventDate "1992.??.??"]

{4/(57)} 1. Nf3 Nf6 2. c4 g6 3. b3 Bg7 4. Bb2 O-O 5. e3 d6 6. Qc2 Nc6 7. a3 e5
8. d3 Bg4 9. Be2 Re8 10. Nbd2 d5 11. cxd5 Nxd5 12. Nc4 Qe7 13. h3 Bxf3 14. Bxf3
Qd7 15. Rc1 Nd8 16. O-O c6 17. b4 Qc7 18. Na5 Qd6 19. Nb3 Ne6 20. Rfd1 Ng5 21.
Bxd5 cxd5 22. Qc5 Qe6 23. h4 Rac8 24. Qb5 d4 25. Nc5 Qb6 26. Qa4 Ne6 27. Nxe6
Qxe6 28. exd4 exd4 29. Qxa7 Qe2 30. Bxd4 Rxc1 31. Rxc1 Qxd3 32. Bxg7 Kxg7 33.
Qxb7 Qxa3 34. Rc7 Qa1+ 35. Kh2 Qe5+ 36. g3 Qf5 37. Qa7 Re2 38. Qd4+ Kh6 39. Kg2
1/2-1/2

[Event "Detroit (MOR/7/55)"]
[Site "?"]
[Date "1992.??.??"]
[Round "?"]
[White "Cheak, A."]
[Black "Smith, Rob"]
[Result "0-1"]
[WhiteElo "1605"]
[BlackElo "1700"]
[PlyCount "58"]
[EventDate "1992.??.??"]

{7/(55)} 1. Nf3 Nf6 2. c4 e6 3. b3 d5 4. e3 Nbd7 5. Bb2 Be7 6. Nc3 O-O 7. Qc2
Nc5 8. Rc1 b6 9. cxd5 exd5 10. b4 Nce4 11. d3 Nxf2 12. Qxf2 Bxb4 13. h3 Re8 14.
Be2 Qe7 15. O-O c5 16. Nxd5 Nxd5 17. Ne5 Be6 18. Qg3 g6 19. e4 Bd2 20. exd5
Bxc1 21. dxe6 Qxe6 22. Bg4 Qxa2 23. Bxc1 Re7 24. Bh6 Qd5 25. Bf4 Rae8 26. Nd7
Rxd7 27. Bxd7 Qxd7 28. Rf3 Qd4+ 29. Kf1 Qa1+ 0-1

[Event "Ann Arbor (Holiday Op)"]
[Site "?"]
[Date "1992.??.??"]
[Round "?"]
[White "Carrara, W."]
[Black "Tobias, Philip"]
[Result "1-0"]
[WhiteElo "1735"]
[BlackElo "1605"]
[PlyCount "53"]
[EventDate "1992.??.??"]

1. e4 c6 2. Nf3 d5 3. e5 Bf5 4. d4 e6 5. Bd3 Ne7 6. Bg5 Bxd3 7. Qxd3 Qb6 8. Nc3
Nf5 9. O-O c5 10. Na4 Qb4 11. Nxc5 Bxc5 12. dxc5 Qxc5 13. Rfd1 O-O 14. Nh4 Nxh4
15. Bxh4 Nc6 16. Re1 Nb4 17. Qa3 Qc4 18. Qg3 Rfe8 19. Bf6 g6 20. Qe3 Qh4 21.
Bxh4 Nxc2 22. Qh6 f6 23. Bxf6 Re7 24. Bxe7 Kf7 25. Qxh7+ Ke8 26. Bd6 Kd8 27.
Qe7+ 1-0

[Event "Ann Arbor (Holiday Op)"]
[Site "?"]
[Date "1992.??.??"]
[Round "?"]
[White "Carrara, W."]
[Black "Kane, Paul"]
[Result "1-0"]
[WhiteElo "1735"]
[BlackElo "1605"]
[PlyCount "102"]
[EventDate "1992.??.??"]

1. e4 c5 2. Nc3 d6 3. f4 Nc6 4. d3 e6 5. Nf3 Be7 6. g3 Nf6 7. Bg2 O-O 8. Be3
Qb6 9. Qc1 Bd7 10. O-O Ng4 11. Rb1 Nxe3 12. Qxe3 Nb4 13. Qd2 c4+ 14. Kh1 cxd3
15. cxd3 Bb5 16. Ne1 Rfd8 17. Nxb5 Qxb5 18. a3 Nc6 19. Nc2 e5 20. f5 Na5 21. b4
Nc6 22. h4 Qb6 23. Ne3 Rdc8 24. Nd5 Qd8 25. Rf2 Nd4 26. Qd1 Rc6 27. Rc1 Rac8
28. Rxc6 bxc6 29. Nxe7+ Qxe7 30. f6 gxf6 31. Qg4+ Kf8 32. Qxc8+ Kg7 33. Qg4+
Kf8 34. h5 Ne6 35. Rc2 Nd4 36. Rf2 Ne6 37. Qf5 Kg7 38. Bh3 h6 39. Qf3 Ng5 40.
Qg4 c5 41. bxc5 dxc5 42. Qd7 Qf8 43. Bg2 c4 44. Qxa7 cxd3 45. Qe3 Qxa3 46. Rd2
Qc1+ 47. Kh2 Ne6 48. Qxd3 Nd4 49. Rd1 Qg5 50. Bf3 f5 51. exf5 Nxf5 1-0

[Event "Lansing (Aug)"]
[Site "?"]
[Date "1992.??.??"]
[Round "?"]
[White "Carr, James"]
[Black "Payne, B."]
[Result "1-0"]
[WhiteElo "1605"]
[BlackElo "1605"]
[PlyCount "75"]
[EventDate "1992.??.??"]

1. e4 c5 2. Nf3 d6 3. Bb5+ Bd7 4. Bxd7+ Qxd7 5. c4 Nf6 6. Nc3 e6 7. O-O Be7 8.
d4 cxd4 9. Nxd4 O-O 10. Be3 Nc6 11. f4 e5 12. Nxc6 bxc6 13. f5 Rad8 14. Rc1 a6
15. Kh1 h5 16. Rc2 Ng4 17. Bc1 Qa7 18. Rf3 Bh4 19. Qe2 d5 20. cxd5 cxd5 21.
exd5 Rfe8 22. Be3 Nxe3 23. Rxe3 Bf6 24. Rh3 g6 25. Ne4 Qb6 26. Rd2 Rc8 27. Rd1
Red8 28. d6 Kg7 29. Rf3 g5 30. Rb3 Qa7 31. Qxh5 Rh8 32. Qg4 Rxh2+ 33. Kxh2 Rh8+
34. Kg3 Rh4 35. Qe2 Qa8 36. d7 Qh8 37. Nxf6 Rf4 38. Qh5 1-0

[Event "Detroit (MOR/1a/54)"]
[Site "?"]
[Date "1992.??.??"]
[Round "?"]
[White "Carr, James"]
[Black "Clark, M."]
[Result "1-0"]
[WhiteElo "1605"]
[BlackElo "1605"]
[PlyCount "41"]
[EventDate "1992.??.??"]

1. e4 c5 2. Nf3 d6 3. Bb5+ Nd7 4. d4 cxd4 5. Qxd4 e6 6. O-O h6 7. c4 Ne7 8.
Qxd6 Ng6 9. Qd4 a6 10. Ba4 b5 11. cxb5 axb5 12. Bxb5 Rg8 13. Nc3 Be7 14. Rd1
Bf6 15. e5 Be7 16. Be3 f6 17. exf6 Bxf6 18. Qe4 Rb8 19. Qxg6+ Ke7 20. Bxd7 Bxd7
21. Bc5# 1-0

[Event "Detroit (MOR/3/90)"]
[Site "?"]
[Date "1992.??.??"]
[Round "?"]
[White "Carr, JR."]
[Black "Malone, Jamal"]
[Result "1/2-1/2"]
[WhiteElo "1605"]
[BlackElo "1605"]
[PlyCount "36"]
[EventDate "1992.??.??"]

{3/(90)} 1. e4 d6 2. d4 f5 3. exf5 Bxf5 4. Nf3 g6 5. Bd3 Qc8 6. O-O Bg7 7. c3
Nf6 8. Re1 Bg4 9. Bg5 Nc6 10. Bb5 Qf5 11. Bh4 Qxb5 12. Nbd2 Qxb2 13. Rb1 Qxc3
14. Rxb7 Nxd4 15. Qa4+ Kd8 16. Qxd4 Qxd4 17. Nxd4 Kd7 18. h3 Nd5 1/2-1/2

[Event "Detroit (MOR/7/95)"]
[Site "?"]
[Date "1992.??.??"]
[Round "?"]
[White "Carpenter, T."]
[Black "Smeckert, Dennis"]
[Result "1-0"]
[WhiteElo "1605"]
[BlackElo "1605"]
[PlyCount "77"]
[EventDate "1992.??.??"]

{7/(95)} 1. d3 e5 2. e4 Nc6 3. Be3 d6 4. Nc3 Be6 5. b3 Nge7 6. Be2 Qd7 7. Qd2
f5 8. f4 exf4 9. Bxf4 Nd4 10. Be3 Nxe2 11. Ngxe2 fxe4 12. Nxe4 O-O-O 13. Bxa7
b6 14. Bxb6 cxb6 15. Qb4 Kb7 16. Nd4 Nd5 17. Qb5 Qxb5 18. Nxb5 Ne3 19. Kd2 d5
20. Nd4 Nc4+ 21. bxc4 dxe4 22. Nxe6 e3+ 23. Ke2 Re8 24. Nxf8 Rhxf8 25. Rhf1 Rf6
26. Rxf6 gxf6 27. Rf1 Rg8 28. g3 Ra8 29. Rxf6 Rxa2 30. Rf7+ Kc6 31. Rxh7 Rxc2+
32. Kxe3 Kc5 33. h4 Rc1 34. Rh5+ Kb4 35. Rb5+ Kc3 36. Rxb6 Rg1 37. Rg6 Re1+ 38.
Kf2 Re7 39. Rd6 1-0

[Event "Detroit (MOR/5/102)"]
[Site "?"]
[Date "1992.??.??"]
[Round "?"]
[White "Carpenter, T."]
[Black "Rosebrook, G."]
[Result "0-1"]
[WhiteElo "1605"]
[BlackElo "1605"]
[PlyCount "120"]
[EventDate "1992.??.??"]

{5/(102)} 1. e4 c5 2. Bc4 e6 3. Nc3 a6 4. d4 cxd4 5. Qxd4 Nc6 6. Qe3 Nb4 7. Qe2
Nf6 8. a3 Nc6 9. Be3 d6 10. O-O-O Be7 11. Nh3 e5 12. Ng5 Be6 13. Nxe6 fxe6 14.
Bxe6 Rf8 15. Nd5 Nxe4 16. Qh5+ g6 17. Qxh7 Ng5 18. Bxg5 Bxg5+ 19. Kb1 Ne7 20.
Nxe7 Qxe7 21. Qxg6+ Kd8 22. Bd5 Bf6 23. Rd3 Rb8 24. Rhd1 b5 25. Bc6 Kc7 26. Qe4
Rfd8 27. Rc3 Rb6 28. Bd5+ Kb8 29. Rc6 Rxc6 30. Bxc6 Rc8 31. Bd5 Rh8 32. h3 Rh4
33. Qf5 Rf4 34. Qe6 Qxe6 35. Bxe6 Rxf2 36. Rxd6 Ka7 37. Rd7+ Kb6 38. Rf7 e4 39.
c3 e3 40. Bg4 a5 41. g3 b4 42. Kc1 b3 43. Kd1 Kc5 44. Ke1 Bxc3+ 45. bxc3 Rxf7
46. Be6 Rb7 47. h4 b2 48. Bf5 b1=Q+ 49. Bxb1 Rxb1+ 50. Ke2 Rb3 51. h5 Rxa3 52.
h6 Ra2+ 53. Kxe3 Rh2 54. Kd3 Rxh6 55. Kc2 Kc4 56. Kb2 Rg6 57. Ka3 Rxg3 58. Ka4
Rxc3 59. Kxa5 Rb3 60. Ka6 Kc5 0-1

[Event "Detroit (MOR/3/101)"]
[Site "?"]
[Date "1992.??.??"]
[Round "?"]
[White "Carpenter, T."]
[Black "McFolley, John"]
[Result "1/2-1/2"]
[WhiteElo "1605"]
[BlackElo "1605"]
[PlyCount "72"]
[EventDate "1992.??.??"]

{3/(101)} 1. e4 e6 2. Nc3 d5 3. exd5 exd5 4. d4 Bb4 5. Bd2 Nf6 6. Qe2+ Be6 7.
Nf3 O-O 8. O-O-O a5 9. a3 Bxc3 10. Bxc3 Re8 11. g3 Bg4 12. Qd3 Ne4 13. Qe3 Ng5
14. Qxg5 Bxf3 15. Qxd8 Rxd8 16. Rg1 Bxd1 17. Kxd1 b6 18. Bg2 c5 19. Re1 Nc6 20.
dxc5 bxc5 21. Kc1 a4 22. Be5 Ra7 23. Bf4 Re7 24. Rxe7 Nxe7 25. Bc7 Re8 26. Bd6
d4 27. Bxc5 Nf5 28. Bh3 Re5 29. Bxf5 Rxc5 30. Bd7 Ra5 31. Kd2 Kf8 32. Bc6 Ke7
33. Kd3 Kd6 34. Be4 g6 35. Kxd4 f5 36. Bd3 Re5 1/2-1/2

[Event "Detroit (MOR/1a/53)"]
[Site "?"]
[Date "1992.??.??"]
[Round "?"]
[White "Carpenter, T."]
[Black "Koernke, R."]
[Result "1/2-1/2"]
[WhiteElo "1605"]
[BlackElo "1605"]
[PlyCount "120"]
[EventDate "1992.??.??"]

1. e4 c5 2. Nf3 Nc6 3. Bc4 Nf6 4. Nc3 e6 5. d3 Na5 6. Bb5 a6 7. Ba4 b5 8. e5
Nd5 9. Nxd5 exd5 10. Bb3 c4 11. dxc4 dxc4 12. Qd5 Bb7 13. Qd2 cxb3 14. axb3 Nc6
15. O-O Bc5 16. Qd5 Qc7 17. Qxc5 Rc8 18. Bg5 h6 19. Bf4 Qd8 20. Rad1 Qe7 21.
Qb6 Nd8 22. c3 O-O 23. Qd6 Qxd6 24. Rxd6 Bc6 25. Nd4 Ne6 26. Nxc6 dxc6 27. g3
Rfe8 28. Ra1 Nc5 29. b4 Nb7 30. Rd7 Nd8 31. Rxa6 g5 32. Be3 Rxe5 33. Raa7 Re8
34. Bb6 Rf8 35. Bxd8 Rcxd8 36. Rxd8 Rxd8 37. Rc7 Rd6 38. b3 Kg7 39. c4 Kf6 40.
cxb5 cxb5 41. Rb7 Rd3 42. Rxb5 Rxb3 43. Rb6+ Ke5 44. b5 Kd5 45. Rb7 Kc5 46.
Rc7+ Kxb5 47. Rxf7 Rc3 48. Rf6 Rc6 49. Rxc6 Kxc6 50. g4 Kd6 51. Kg2 Ke5 52. Kg3
Ke4 53. h3 Kd4 54. f4 Ke4 55. fxg5 hxg5 56. h4 gxh4+ 57. Kxh4 Ke5 58. g5 Ke6
59. g6 Kf6 60. Kh5 Kg7 1/2-1/2

[Event "Detroit (MOR/2/88)"]
[Site "?"]
[Date "1992.??.??"]
[Round "?"]
[White "Carpenter, O."]
[Black "Sattler, Peter"]
[Result "0-1"]
[WhiteElo "1605"]
[BlackElo "1725"]
[PlyCount "58"]
[EventDate "1992.??.??"]

{2/(88)} 1. e4 c5 2. d4 cxd4 3. c3 dxc3 4. Nxc3 e6 5. Nf3 d6 6. Bc4 Nc6 7. O-O
Nf6 8. Bf4 Be7 9. Qe2 e5 10. Bg3 O-O 11. Rfd1 Bg4 12. Qe3 Nh5 13. Ne2 Nxg3 14.
Nxg3 Qc7 15. Rac1 Qb6 16. Qxb6 axb6 17. Rd3 Bxf3 18. Rxf3 Nd4 19. Rd3 Rfc8 20.
Rdc3 Bg5 21. Bxf7+ Kxf7 22. Rxc8 Rxa2 23. R1c7+ Kg6 24. h3 Rxb2 25. Rd7 Bf4 26.
Rxd6+ Kg5 27. h4+ Kxh4 28. Nf5+ Nxf5 29. exf5 Rb1+ 0-1

[Event "Detroit (MOR/4/91)"]
[Site "?"]
[Date "1992.??.??"]
[Round "?"]
[White "Carpenter, O."]
[Black "Kishek, R."]
[Result "0-1"]
[WhiteElo "1605"]
[BlackElo "1605"]
[PlyCount "58"]
[EventDate "1992.??.??"]

{4/(91)} 1. e4 e6 2. Nf3 d5 3. e5 c5 4. d4 cxd4 5. Nxd4 Bc5 6. Bb5+ Bd7 7.
Bxd7+ Nxd7 8. f4 Qb6 9. c3 Ne7 10. b4 Bxd4 11. Qxd4 Qc7 12. O-O O-O 13. Na3 a6
14. Be3 Rac8 15. Rac1 Nf5 16. Qd3 f6 17. c4 fxe5 18. cxd5 Qd6 19. Nc4 Qxd5 20.
Qxd5 exd5 21. Rfd1 Rxc4 22. Bf2 Rxc1 23. Rxc1 e4 24. Rc7 Nf6 25. Bc5 Rd8 26.
Bb6 Rd7 27. Rc8+ Kf7 28. Bc5 d4 29. Rf8+ Kg6 0-1

[Event "Detroit (MOR/7/98)"]
[Site "?"]
[Date "1992.??.??"]
[Round "?"]
[White "Carpenter, O."]
[Black "Brown, W."]
[Result "1-0"]
[WhiteElo "1605"]
[BlackElo "1605"]
[PlyCount "21"]
[EventDate "1992.??.??"]

{7/(98)} 1. e4 e5 2. f4 exf4 3. Nf3 d6 4. d4 g5 5. h4 f6 6. hxg5 fxg5 7. Bc4 h6
8. Nc3 Bg7 9. Ne5 Qf6 10. Qh5+ Ke7 11. Nd5+ 1-0

[Event "Flint (MI Senior/2)"]
[Site "?"]
[Date "1992.??.??"]
[Round "?"]
[White "Caron, L."]
[Black "Swartz, J."]
[Result "0-1"]
[WhiteElo "1605"]
[BlackElo "1605"]
[PlyCount "84"]
[EventDate "1992.??.??"]

1. e4 e6 2. Nc3 Nf6 3. d3 d5 4. Bd2 Bc5 5. Qe2 d4 6. Na4 Bd6 7. g3 e5 8. Bg2 b5
9. b4 bxa4 10. a3 O-O 11. Nf3 Bd7 12. O-O Bb5 13. Rfc1 h6 14. Nh4 Bd7 15. f3
Re8 16. c4 dxc3 17. Rxc3 Nc6 18. Be3 Nd4 19. Qf2 Nb3 20. Ra2 Be6 21. Rb2 a5 22.
Bc5 axb4 23. axb4 Bxc5 24. bxc5 a3 25. Ra2 Nd4 26. Raxa3 Qb8 27. Rxa8 Qxa8 28.
f4 Qa1+ 29. Qf1 Qxc3 30. f5 Bd7 31. h3 Qxc5 32. g4 Nf3+ 33. Kh1 Nxh4 34. Kh2
Nxg2 35. Kxg2 Qe3 36. Qf3 Qd2+ 37. Kg3 Bb5 38. Qg2 Qxd3+ 39. Qf3 Nxe4+ 40. Kg2
Qe2+ 41. Qxe2 Bxe2 42. Kh2 c5 0-1

[Event "Detroit (MOR/2/108)"]
[Site "?"]
[Date "1992.??.??"]
[Round "?"]
[White "Caron, L."]
[Black "Solski, Jeff"]
[Result "0-1"]
[WhiteElo "1605"]
[BlackElo "1605"]
[PlyCount "78"]
[EventDate "1992.??.??"]

{2/(108)} 1. c4 Nf6 2. Nc3 e5 3. e4 Nc6 4. g3 g6 5. Bg2 Bg7 6. Nge2 O-O 7. O-O
d6 8. f4 Bg4 9. Bf3 Bxf3 10. Rxf3 exf4 11. Nxf4 Ne5 12. Rf1 Nxc4 13. b3 Ne5 14.
Nfd5 c6 15. Nxf6+ Bxf6 16. Bb2 Nd3 17. Qc2 Nxb2 18. Qxb2 Qb6+ 19. Kg2 Qd4 20.
Rae1 Bg7 21. Qc2 Qb4 22. Na4 b5 23. Nb2 a5 24. Nd3 Qd4 25. Nf4 Qb6 26. Qd3 d5
27. exd5 cxd5 28. Nxd5 Qb7 29. Re7 Qc6 30. Rc7 Qa6 31. h4 Rad8 32. Ne7+ Kh8 33.
Qe2 Qd6 34. Rc2 Rfe8 35. Re1 Qb6 36. Qf3 Qf6 37. d3 Rxe7 38. Rc6 Qxf3+ 39. Kxf3
Rxe1 0-1

[Event "East Lansing (MI Am/4)"]
[Site "?"]
[Date "1992.??.??"]
[Round "?"]
[White "Caron, L."]
[Black "Snobeck, Michael"]
[Result "0-1"]
[WhiteElo "1605"]
[BlackElo "1605"]
[PlyCount "71"]
[EventDate "1992.??.??"]

1. d4 Nf6 2. Nf3 g6 3. c4 Bg7 4. Nc3 O-O 5. e4 d6 6. d5 c6 7. Be2 Ne8 8. Bd2 f5
9. exf5 Bxf5 10. O-O Nf6 11. Nd4 Bc8 12. Ne6 Bxe6 13. dxe6 d5 14. c5 Na6 15.
Bxa6 bxa6 16. Qb3 Ne8 17. Rae1 Qc8 18. Qc2 Nc7 19. Bg5 Nxe6 20. Bxe7 Re8 21.
Bd6 Nd4 22. Qd3 Nb5 23. Nxb5 axb5 24. b4 a5 25. a3 axb4 26. axb4 Re6 27. h3 Qe8
28. Rxe6 Qxe6 29. Qe3 Qf5 30. g4 Qf7 31. Kg2 Bb2 32. Be5 Ra3 33. Qf4 Bxe5 34.
Qxe5 Rb3 35. Qb8+ Qf8 36. f3 0-1

[Event "Detroit (MOR/7/106)"]
[Site "?"]
[Date "1992.??.??"]
[Round "?"]
[White "Caron, L."]
[Black "Scott, A."]
[Result "0-1"]
[WhiteElo "1605"]
[BlackElo "1605"]
[PlyCount "52"]
[EventDate "1992.??.??"]

{7/(106)} 1. c4 e5 2. Nc3 Bc5 3. e3 Bb4 4. Nge2 d6 5. g3 Nf6 6. Bg2 Nc6 7. a3
Bxc3 8. Nxc3 Be6 9. d3 Qd7 10. h3 O-O-O 11. Bd2 d5 12. c5 d4 13. e4 dxc3 14.
Bxc3 Ne8 15. Qc2 f5 16. O-O fxe4 17. dxe4 Bxh3 18. Rad1 Qe6 19. Rxd8+ Nxd8 20.
f3 Bxg2 21. Kxg2 Nf7 22. b4 Ng5 23. Rh1 Rf8 24. Kf2 Rxf3+ 25. Ke2 Qc4+ 26. Kd2
Rf2+ 0-1